000 00437nam a22001337a 4500
005 20250901114746.0
020 _a9788196840020
082 _a 320.540 954 DAS/H
245 _aHindu Rashtra : actritique/
_cedited by Sukanta Das ;Sudipta Bandhopadhyay and Abhik Mukherjee
260 _a. - Kolkata
_b: Sethu Prakashini,
_c, 2024
300 _a304 p
700 _aDas, Sudipta; Bandhopadhyay and Mukherjee, Abhik
_91019
942 _2ddc
_cBK
999 _c751156
_d751156